Introduction to library research in geography: an instruction manual and short b (Record no. 330)

MARC details
000 -LEADER
fixed length control field 00410nam a2200145Ia 4500
020 ## - INTERNATIONAL STANDARD BOOK NUMBER
ISBN 0-8108-0495-6
082 ## - DEWEY DECIMAL CLASSIFICATION NUMBER
Classification number RR 910.72 MAR-;
100 ## - MAIN ENTRY--AUTHOR NAME
Personal name Martinson, Tom L
245 #0 - TITLE STATEMENT
Title Introduction to library research in geography: an instruction manual and short b
260 ## - PUBLICATION, DISTRIBUTION, ETC. (IMPRINT)
Place of publication Metuchen
Name of publisher Scarecrow Press
Year of publication 1972
300 ## - PHYSICAL DESCRIPTION
Number of Pages 168p.
650 ## - SUBJECT ADDED ENTRY--TOPICAL TERM
Topical Term Geography - Bibliography
650 ## - SUBJECT ADDED ENTRY--TOPICAL TERM
Topical Term Geography - Research
942 ## - ADDED ENTRY ELEMENTS (KOHA)
Koha item type Books
Holdings
Withdrawn status Lost status Damaged status Not for loan Home library Current library Date acquired Full call number Accession Number Price effective from Koha item type
        NASSDOC Library NASSDOC Library 08/06/2004 RR 910.72 MAR-; 9289 18/04/2019 Books